00392 a2200133 450000500170000002000180001708200120003510000180004724500410006525000120010626000470011830000370016570000560020220250318111329.0 a0-19-431423-5 a423 HOR aHORNBY, A. S. aOxford Advanced Learner's Dictionary a7th Ed. aNew York,bOxford University Press,c2005. axii, 1780p.: figure, mapsc23cm. aWEHMEIER, A., McINTOSH, C., TURNBULL, J & ASHBY, M.